| 000 | 01561cam a2200277 4500 | ||
|---|---|---|---|
| 001 | WB4020-20 | ||
| 008 | 040526n2004 000 0 eng u | ||
| 035 | _a(Sirsi) u126293 | ||
| 245 | _aMeasuring property impacts of transport schemes | ||
| 260 | _c2004 | ||
| 490 |
_aRICS Press Release _v(pr053) 25 May 2004 (2) |
||
| 520 | _aRICS working with the ODPM and DfT has launched a new tool for measuring the impact of transport schemes on property values. The methodologies developed from research by Atis Real Weatheralls, University College London and Geofutures, should prove valuable in appraising land use, planning and urban regeneration proposals. It includes a wide-ranging literature review and a case study of the Croydon tramlink. "Land values and public transport: stage two - testing the methodology on the Croydon tramlink" is available at http://www.rics.org/ricscms/bin/show?class=Researc hReports&template=/includes/showresearch.html&id=8 1 or as a free CD ROM available from RICS contact centre on ++44 870 333 1600/ [email protected]. http://www.rics.org/ricscms/bin/show?class=PressRe lease&template=/includes/showpr.html&id=1182 | ||
| 590 | _aWB | ||
| 590 | _aWB | ||
| 650 | _aCROYDON TRAMLINK | ||
| 650 |
_aLand use _96251 |
||
| 650 | _aURBAN REGENERATION | ||
| 650 |
_aRESIDENTIAL PROPERTY _96266 |
||
| 650 | _aPLANNING | ||
| 650 | _aPROPERTY-COMMERCIAL PROPERTY | ||
| 650 | _aPROPERTY VALUES | ||
| 650 | _aPROPERTY IMPACTS | ||
| 650 | _aTRANSPORT SCHEMES | ||
| 690 | _aTRANSPORT AND COMMUNICATIONS | ||
| 942 | _n0 | ||
| 999 |
_c117402 _d117402 |
||